Macroeconomics : (Record no. 1352)
[ view plain ]
| 000 -LEADER | |
|---|---|
| fixed length control field | 02200cam a2200205 a 4500 |
| 020 ## - INTERNATIONAL STANDARD BOOK NUMBER | |
| ISBN | 9780073273082 (alk. paper) |
| 020 ## - INTERNATIONAL STANDARD BOOK NUMBER | |
| ISBN | 0073273082 (alk. paper) |
| 050 00 - CALL NUMBER | |
| Classification number | HB171.5 |
| Item number | .M473 2008 |
| 100 1# - AUTHOR | |
| Personal name | McConnell, Campbell R. |
| 245 10 - TITLE | |
| Title | Macroeconomics : |
| Remainder of title | principles, problems, and policies / |
| Statement of responsibility, etc | Campbell R. McConnell, Stanley L. Brue. |
| 250 ## - EDITION | |
| Edition statement | 17th ed. |
| 260 ## - PUBLICATION INFORMATION | |
| Place of publication | Boston : |
| Name of publisher | McGraw-Hill/Irwin, |
| Year of publication | 2008. |
| 300 ## - DESCRIPTION | |
| Number of Pages | xxvii, 380, [38] p. : |
| Other physical details | col. ill. ; |
| Dimensions | 26 cm. |
| 500 ## - NOTES | |
| General note | Includes index. |
| 500 ## - NOTES | |
| General note | "Seventeenth edition is accompanied by and integrated with ... DiscoverEcon* with Paul Solman Videos ... which consists of video tutorials by Paul Solman ... interactive exercises, and testing." |
| 505 ## - FORMATTED CONTENTS NOTE | |
| Table of Content | 1. The Nature and Method of Economics --<br/>2. The Economizing Problem --<br/>3. Understanding Individual Markets: Demand and Supply --<br/>4. Pure Capitalism and the Market System --<br/>5. The Mixed Economy: Private and Public Sectors --<br/>6. The United States in the Global Economy --<br/>7. Demand and Supply: Elasticities and Applications --<br/>8. Consumer Behavior and Utility Maximization --<br/>9. The Costs of Production --<br/>10. Price and Output Determination: Pure Competition --<br/>11. Price and Output Determination: Pure Monopoly --<br/>12. Price and Output Determination: Monopolistic Competition --<br/>13. Price and Output Determination: Oligopoly --<br/>14. Production and the Demand for Resources --<br/>15. The Pricing and Employment of Resources: Wage Determination --<br/>16. The Pricing and Employment of Resources: Rent, Interest, and Profits --<br/>17. Government and Market Failure: Public Goods, the Environment, and Information Problems --<br/>18. Public Choice Theory and Taxation --<br/>19. Antitrust, Regulation, and Industrial Policy --<br/>20. Agriculture: Economics and Policy --<br/>21. Income Inequality and Poverty --<br/>22. The Economics of Health Care --<br/>23. Labor Market Issues: Unionism, Discrimination, and Immigration --<br/>24. International Trade --<br/>25. Exchange Rates, the Balance of Payments, and Trade Deficits --<br/>26. Russia: An Economy in Transition --<br/>Answers to Key Questions --<br/>Glossary --<br/>Index. |
| 650 #0 - SUBJECTS | |
| Topical Term | Macroeconomics. |
| 700 1# - OTHER AUTHORS | |
| Personal name | Brue, Stanley L., |
| 942 ## - ADDED ENTRY ELEMENTS (KOHA) | |
| Koha item type | Books |
| Withdrawn status | Lost status | Collection code | Home library | Current library | Shelving location | Date acquired | Full call number | Accession Number | Copy number | Koha item type |
|---|---|---|---|---|---|---|---|---|---|---|
| Reference | Methodist University Library Main | Methodist University Library Main | General Stacks | HB171.5 .M473 2008 | 31368 | 1 | Books | |||
| Reference | Methodist University Library Main | Methodist University Library Main | General Stacks | HB171.5 .M473 | 31369 | 2 | Books |